La danza de los signos: nociones de semiótica general

Uloženo v:
Podrobná bibliografie
Hlavní autor: Zecchetto, Victorino (Autor)
Médium: Kniha
Jazyk:španělština
Vydáno: Buenos Aires La Crujía 2003
Edice:Inclusiones
Témata:
Tagy: Přidat tag
Žádné tagy, Buďte první, kdo vytvoří štítek k tomuto záznamu!

MARC

LEADER 00000nam a2200000 a 4500
001 UCL2514
003 CL-VaPUC
008 031024e20030000AG |||||||||||||||||spa|d
020 |a 9871004192 
082 0 4 |a 401.41  |b ZEC  |2 21 
100 0 |a Zecchetto, Victorino  |e author  |9 479623 
245 1 3 |a La danza de los signos: nociones de semiótica general 
300 |a 358 p 
942 |c BK 
945 |d 20031024 00:00:00  |a cmena 
260 |a Buenos Aires  |b La Crujía  |c 2003 
650 0 |a Semiología  |9 317916 
650 0 |a Análisis del discurso  |9 256696 
650 7 |a SIGNOS LINGUISTICOS  |2 CL-VaPUC  |9 424611 
583 |a last modification  |c 20171031 11:00:24  |k Rodrigo Vera 
490 0 |a Inclusiones 
999 |c 305815  |d 305813 
952 |0 0  |1 0  |4 0  |6 401_410000000000000_ZEC_2003  |7 0  |8 A  |9 370269  |a FDOPOS  |b BIBEDU  |d 2019-11-21  |i 437505K  |l 2  |m 1  |o 401.41 ZEC 2003  |p 437505K  |r 2025-03-12  |s 2025-03-12  |w 2019-11-21  |y BK  |k MLA